00409nam a22001457a 450000500170000000800410001702000180005804000130007608200180008910000210010724500700012826000400019830000110023865000140024920160805094242.0160805b xxu||||| |||| 00| 0 eng d a9780230221178 cPK-LaUMT a363.325bTER- aJackson, Richard aTerrorismba critical introductioncRichard Jackson . . . [et al] aLondon:bPalgrave macmillan, c2011 a332 P. aTerrorism